000 00627nam a2200253Ia 4500
008 210210b2005 xxu||||| |||| 00| 0 eng d
020 _a8170339707
041 _aeng
082 _a820.309 RIEI
100 _aRIEMENSCHNEIDER (Dieter).
245 _aIndian novel in English.
_bIts critical discourse 1934-2004.
260 _aJaipur
_bRawat Publications
_c2005
300 _axii,386
650 _anovel
650 _aIts
650 _aIndian
650 _ain
650 _aEnglish.
650 _adiscourse
650 _acritical
650 _a1934-2004.
690 _aIndian English Criticism
906 _a061876
999 _c115606
_d115606